Derecho urbanístico : (Registro nro. 31101)

Detalles MARC
000 -LEADER
fixed length control field 03108nam a22002897a 4500
003 - CONTROL NUMBER IDENTIFIER
control field OSt
005 - DATE AND TIME OF LATEST TRANSACTION
control field 20251027145845.0
008 - FIXED-LENGTH DATA ELEMENTS--GENERAL INFORMATION
fixed length control field 251027b |||||||| |||| 00| 0 eng d
020 ## - INTERNATIONAL STANDARD BOOK NUMBER
International Standard Book Number 9789587103946
037 ## - SOURCE OF ACQUISITION
Source of stock number/acquisition Donación
040 ## - CATALOGING SOURCE
Original cataloging agency CO-JMCR
Language of cataloging spa
Description conventions rda
Transcribing agency CO-JMCR
Modifying agency CO-JMCR
041 0# - LANGUAGE CODE
Language code of text/sound track or separate title spa
082 04 - DEWEY DECIMAL CLASSIFICATION NUMBER
Classification number 346.045
Item number S23d
245 00 - TITLE STATEMENT
Title Derecho urbanístico :
Remainder of title legislación y jurisprudencia /
Statement of responsibility, etc. Jaime Orlando Santofimio Gamboa, director ; Judy Alexandra Landeta Pinilla, Gloria Stella Palacino Hernández, Jorge Iván Rincón Córdoba, investigadores.
250 ## - EDITION STATEMENT
Edition statement Segunda edición.
264 #1 - PRODUCTION, PUBLICATION, DISTRIBUTION, MANUFACTURE, AND COPYRIGHT NOTICE
Place of production, publication, distribution, manufacture Bogotá :
Name of producer, publisher, distributor, manufacturer ©Universidad Externado de Colombia,
Date of production, publication, distribution, manufacture, or copyright notice ©2009
300 ## - PHYSICAL DESCRIPTION
Extent 643 páginas :
Dimensions 24 cm.
505 1# - FORMATTED CONTENTS NOTE
Formatted contents note De la planificación del desarrollo municipal -- Del espacio público -- De la adquisición de bienes por enajenación voluntaria y por expropiación -- De la protección a los moradores en los proyectores de renovación urbana -- De la legalización de títulos para la vivienda de interés social -- De las licencias y de las sanciones urbanística -- De los bancos de tierras y de la integración y reajuste de tierras -- De la extinción del dominio sobre inmuebles urbanos -- Instrumentos financieros para la reforma urbana -- Disposiciones varias -- Objetivos y principios generales -- Ordenamiento del territorio municipal -- Planes de ordenamiento territorial -- Clasificación del suelo -- actuación urbanística -- Desarrollo y construcción prioritaria -- Adquisición de inmuebles por enajenación voluntaria y expropiación judicial -- Expropiación por vía administrativa -- Participación en la plusvalía -- Vivienda de interés social -- Licencias y sanciones urbanísticas -- Participación de la nación en el desarrollo urbano -- Disposiciones generales -- Disposiciones transitorias.
520 3# - SUMMARY, ETC.
Summary, etc. El derecho urbanístico está ligado directamente con los aspectos sociales y comunitarios, por tanto es un imperativo la preservación de todos y cada uno de los derechos e intereses difusos de la sociedad que le garantizan a ésta la convivencia equilibrada y ponderada, no obstante la complejidad de los elementos y fenómenos de la sociedad. Como queda visto, es un área del derecho bastante apasionante, porque está unida en todo momento y en todos los aspectos con la convivienda en cualquier territorio, es la relación hombre-territorio.<br/>Desde la perspectiva del Estado democrático es connatural al derecho urbanístico la intervención material de la comunidad en los procesos públicos y administrativos del diseño de las normas urbanísticas de planeación y en los trámites de licencias y premios.
650 #7 - SUBJECT ADDED ENTRY--TOPICAL TERM
Topical term or geographic name entry element Planificación regional
General subdivision Ley y legislación
Geographic subdivision Colombia.
9 (RLIN) 44397
650 #7 - SUBJECT ADDED ENTRY--TOPICAL TERM
Topical term or geographic name entry element Derecho de planificación urbana y reurbanización
Geographic subdivision Colombia.
9 (RLIN) 44398
700 1# - ADDED ENTRY--PERSONAL NAME
Personal name Santofimio Gamboa, Jaime Orlando,
Relator term editor.
9 (RLIN) 508
700 1# - ADDED ENTRY--PERSONAL NAME
Personal name Landeta Pinilla, Judy Alexandra,
Relator term investigadora.
9 (RLIN) 44399
700 1# - ADDED ENTRY--PERSONAL NAME
Personal name Palacino Hernández, Gloria Stella,
Relator term investigadora.
9 (RLIN) 44400
700 1# - ADDED ENTRY--PERSONAL NAME
Personal name Rincón Córdoba, Jorge Iván,
Relator term investigador.
9 (RLIN) 4141
942 ## - ADDED ENTRY ELEMENTS (KOHA)
Source of classification or shelving scheme Dewey Decimal Classification
Koha item type Books
Existencias
Withdrawn status Lost status Source of classification or shelving scheme Damaged status Not for loan Collection code Home library Current library Shelving location Date acquired Total Checkouts Full call number Barcode Date last seen Copy number Price effective from Koha item type
    Dewey Decimal Classification     Non-fiction Biblioteca Pública José María del Castillo y Rada Biblioteca Pública José María del Castillo y Rada Book Cart 10/27/2025   346.045 S23d 201812631 10/27/2025 Ej.1 10/27/2025 Books